000 01084cam a2200313 i 4500
008
020 _a9780323085496 (pbk.)
049 _aMAIN
090 _aREF RT48.6
_bACK
100 1 _aAckley, Betty J.
245 1 0 _aNursing diagnosis handbook :
_ban evidence-based guide to planning care /
_cBetty J. Ackley, Gail B. Ladwig.
250 _a10th ed.
260 _aMaryland Heights, Missouri :
_bMosby Elsevier,
_c2014.
300 _axxii, 887 p. :
_bill. ;
_c26 cm.
500 _aIncludes index.
504 _aIncludes bibliographical references.
650 0 _aNursing diagnosis
_vHandbooks, manuals, etc.
650 0 _aNursing care plans
_vHandbooks, manuals, etc.
650 1 2 _aNursing Diagnosis
_vHandbooks.
650 2 2 _aEvidence-Based Nursing
_xmethods
_vHandbooks.
650 2 2 _aPatient Care Planning
_vHandbooks.
655 7 _aHandbooks, manuals, etc.
700 1 _aLadwig, Gail B.
907 _a.b10363555
_b04-12-18
_c26-10-15
003
005 20230120204202.0
040 _cNUST
942 _cBOOKS
_kREF RT48.6
_mACK
999 _c118672
_d118672